Internal Trade in Canada : Case for Liberalization /

This paper assesses the costs of internal trade barriers and proposes policies to improve internal trade. Estimates suggest that complete liberalization of internal trade in goods can increase GDP per capita by about 4 percent and reallocate employment towards provinces that experience large product...

詳細記述

書誌詳細
第一著者: Alvarez, Jorge
その他の著者: Krznar, Ivo, Tombe, Trevor
フォーマット: 雑誌
言語:English
出版事項: Washington, D.C. : International Monetary Fund, 2019.
シリーズ:IMF Working Papers; Working Paper ; No. 2019/158
オンライン・アクセス:Full text available on IMF
LEADER 01768cas a2200265 a 4500
001 AALejournalIMF019495
008 230101c9999 xx r poo 0 0eng d
020 |c 5.00 USD 
020 |z 9781498326650 
022 |a 1018-5941 
040 |a BD-DhAAL  |c BD-DhAAL 
100 1 |a Alvarez, Jorge. 
245 1 0 |a Internal Trade in Canada :   |b Case for Liberalization /  |c Jorge Alvarez, Ivo Krznar, Trevor Tombe. 
264 1 |a Washington, D.C. :  |b International Monetary Fund,  |c 2019. 
300 |a 1 online resource (38 pages) 
490 1 |a IMF Working Papers 
500 |a <strong>Off-Campus Access:</strong> No User ID or Password Required 
500 |a <strong>On-Campus Access:</strong> No User ID or Password Required 
506 |a Electronic access restricted to authorized BRAC University faculty, staff and students 
520 3 |a This paper assesses the costs of internal trade barriers and proposes policies to improve internal trade. Estimates suggest that complete liberalization of internal trade in goods can increase GDP per capita by about 4 percent and reallocate employment towards provinces that experience large productivity gains from trade. The positive impact highlights the need for federal, provincial and territorial governments to work together to reduce internal trade barriers. There is significant scope to build on the new Canadian Free Trade Agreement to more explicitly identify key trade restrictions, resolve differences, and agree on cooperative solutions. 
538 |a Mode of access: Internet 
700 1 |a Krznar, Ivo. 
700 1 |a Tombe, Trevor. 
830 0 |a IMF Working Papers; Working Paper ;  |v No. 2019/158 
856 4 0 |z Full text available on IMF  |u http://elibrary.imf.org/view/journals/001/2019/158/001.2019.issue-158-en.xml  |z IMF e-Library